000 00720nam a2200181Ia 4500
008 100917s9999 xx 000 0 und d
082 _b22346
100 _aमंगळवेढेकर राजा
245 _aस्वंतत्र झाला माझा भारत (उत्तरार्ध)
260 _bअनिरूध्द साहित्य
_c1972
300 _a143
365 _b5
520 _aइतिहास
630 _aस्वंतत्र झाला माझा भारत (उत्तरार्ध)
650 _aइतिहास
730 _aस्वंतत्र झाला माझा भारत (उत्तरार्ध)
942 _cBOOK
999 _c627740
_d627737